[Event "IECG CN.1999.0.00164"]
[Site "IECG email"]
[Date "1999.12.13"]
[Round "?"]
[White "Jibi, Jose"]
[Black "Richwine, Daniel"]
[Result "1-0"]
[WhiteElo "800"]
[BlackElo "800"]
[PlyCount "22"]
[EventDate "1999.12.13"]
[EventType "tourn (corr)"]
[EventRounds "6"]
[SourceTitle "Corr 2008"]
[Source "ChessBase"]
[SourceDate "2008.06.24"]
[SourceVersion "1"]
[SourceVersionDate "2008.06.24"]
[SourceQuality "1"]

1. e4 e6 2. d4 d5 3. Nc3 Bb4 4. e5 c5 5. a3 Bxc3+ 6. bxc3 Ne7 7. f4 f5 8. exf6 gxf6 9. Qh5+ Ng6 10. Nf3 Qe7 11. Bd3 Qf7 1-0

[Event "IECG CN.1999.0.00164"]
[Site "IECG email"]
[Date "1999.12.13"]
[Round "?"]
[White "Richwine, Daniel"]
[Black "Lowe, Philip"]
[Result "0-1"]
[WhiteElo "800"]
[BlackElo "800"]
[PlyCount "34"]
[EventDate "1999.12.13"]
[EventType "tourn (corr)"]
[EventRounds "6"]
[SourceTitle "Corr 2008"]
[Source "ChessBase"]
[SourceDate "2008.06.24"]
[SourceVersion "1"]
[SourceVersionDate "2008.06.24"]
[SourceQuality "1"]

1. e4 Nc6 2. d4 d5 3. Nc3 dxe4 4. d5 Nb8 5. Nxe4 Nf6 6. Nxf6+ exf6 7. Bd3 c6 8. Qe2+ Be7 9. Nf3 cxd5 10. h3 0-0 11. 0-0 Re8 12. Be3 Bc5 13. Qd2 Bxe3 14. fxe3 Qb6 15. Nd4 Na6 16. Kh1 Qxb2 17. Qa5 Qb6 0-1

[Event "IECG CN.1999.0.00164"]
[Site "IECG email"]
[Date "1999.12.13"]
[Round "?"]
[White "Richwine, Daniel"]
[Black "Stone, Stephan"]
[Result "0-1"]
[WhiteElo "800"]
[BlackElo "800"]
[PlyCount "28"]
[EventDate "1999.12.13"]
[EventType "tourn (corr)"]
[EventRounds "6"]
[SourceTitle "Corr 2008"]
[Source "ChessBase"]
[SourceDate "2008.06.24"]
[SourceVersion "1"]
[SourceVersionDate "2008.06.24"]
[SourceQuality "1"]

1. e4 e6 2. d4 a6 3. c4 b5 4. b3 Bb7 5. Bd3 c5 6. d5 Qf6 7. Nf3 Qxa1 8. Bf4 bxc4 9. Bxc4 Qxa2 10. 0-0 Nf6 11. dxe6 dxe6 12. Bg5 Bxe4 13. Re1 Bc2 14. Qd2 Bxb1 0-1